| 000 | 00499nam a22001817a 4500 | ||
|---|---|---|---|
| 005 | 20251108165851.0 | ||
| 008 | 250721s1985 xx 000 0 ara d | ||
| 082 | 1 | 4 | _aط/665.5/نفط |
| 245 | 1 | 0 | _aالنفط / |
| 250 | _aط4 | ||
| 264 | 1 |
_aبيروت : _bدار المشرق، _c1985. |
|
| 300 | _a26ص:مص | ||
| 490 | 0 | _aمجموعة نبيل و زينه ؛8 | |
| 650 | 1 | 7 | _aالنفط |
| 653 | _aاطفال مرحلة متوسطة (6-9) سنوات | ||
| 942 |
_2ddc _cBK |
||
| 999 |
_c33385 _d33385 |
||